Normal view
MARC view
Entry Topical Term
001 - CONTROL NUMBER
- control field: 17142
003 - CONTROL NUMBER IDENTIFIER
- control field: OSt
005 - DATE AND TIME OF LATEST TRANSACTION
- control field: 20260604090920.0
008 - FIXED-LENGTH DATA ELEMENTS
- fixed length control field: 260604|| aca||aabn | a|a d
040 ## - CATALOGING SOURCE
- Original cataloging agency: OSt
- Transcribing agency: OSt
150 ## - HEADING--TOPICAL TERM
- Topical term or geographic name entry element: High school teachers
- Geographic subdivision: Philippines
670 ## - SOURCE DATA FOUND
- Source citation: Work cat.: (OSt)6255: Villamor, George M., 7977 author., The profile of teachers and the problems encountered in teaching agriculture in the public elementary and secondary schools of Dumaguete City /, 1988.
